000 00531cam a2200193ua 4500
001 112
008 110318n ii |||gr||||Z||||||eng
020 _a81-7656-144-4
040 _cMAIN
082 _a005.4
245 _aImplementing tally 5.4. :
_bComplete implementation guide. /
_cBy K K Nadhani.
250 _a1st.
260 _aNew Delhi.:
_bBPB publication.,
_c2000.
300 _axxiii, 538 p.:
_bill.;
_c22 cm.
653 _aComputer science.
653 _aImplementing tally 5.4.
700 1 _aNadhani, K.K.,
942 _cBK
999 _c102
_d102